The geoelectrical methods in geophysical exploration /

Bibliographic Details
Main Author: Zhdanov, Michael S.
Other Authors: Keller, George V. (George Vernon), 1927-
Format: Book
Language:English
Published: Amsterdam ; New York : Elsevier, 1994.
Series:Methods in geochemistry and geophysics ; 31.
Subjects:

MARC

Tag First Indicator Second Indicator Subfields
LEADER 00000cam a22000008a 4500
001 in00001168426
005 20191012063136.0
008 931015s1994 ne a b 001 0 eng
010 |a  93041455  
015 |a GB94-16368 
020 |a 0444896783 (acid-free) 
035 |a (OCoLC)29256565 
035 |9 AGF5782AM 
040 |a DLC  |c DLC  |d EYE  |d GZM  |d UKM  |d TXA  |d UtOrBLW 
049 |a TXAM 
050 0 0 |a TN269  |b .Z47 1994 
082 0 0 |a 550/.28  |2 20 
100 1 |a Zhdanov, Michael S. 
245 1 4 |a The geoelectrical methods in geophysical exploration /  |c Michael S. Zhdanov and George V. Keller. 
264 1 |a Amsterdam ;  |a New York :  |b Elsevier,  |c 1994. 
300 |a ix, 873 pages :  |b illustrations (some color) ;  |c 25 cm. 
336 |a text  |b txt  |2 rdacontent 
337 |a unmediated  |b n  |2 rdamedia 
338 |a volume  |b nc  |2 rdacarrier 
490 1 |a Methods in geochemistry and geophysics ;  |v 31 
504 |a Includes bibliographical references and index. 
650 0 |a Electric prospecting. 
653 0 |a Prospecting  |a Use of  |a Electromagnetic radiation 
700 1 |a Keller, George V.  |q (George Vernon),  |d 1927- 
830 0 |a Methods in geochemistry and geophysics ;  |v 31. 
999 |a MARS 
999 f f |s 2cf02a07-f33d-3f78-867f-dddebaf0aca2  |i 0f6894df-889e-3bd3-8574-7d8dfadd6b76  |t 0 
952 f f |p normal  |a Texas A&M University  |b College Station  |c Sterling C. Evans Library  |d Evans: Library Stacks  |t 0  |e TN269 .Z47 1994  |h Library of Congress classification  |i unmediated -- volume  |m A14818153288 
998 f f |a TN269 .Z47 1994  |t 0  |l Evans: Library Stacks